| 000 | 00452nam a2200181Ia 4500 | ||
|---|---|---|---|
| 001 | 8821 | ||
| 005 | 20260306160638.0 | ||
| 008 | 260306t2008||||xx |||||||||||||| ||spa|| | ||
| 041 | _aESP | ||
| 082 |
_a371.397 _bH22 |
||
| 100 |
_aHarf, Ruth _eAUT |
||
| 245 | 0 |
_aEl juego en la educación infantil: _bcrecer jugando y aprendiendo |
|
| 260 | _c2008 | ||
| 300 |
_a124 páginas : _c26 cm. |
||
| 650 | _aGEN | ||
| 654 | _aCED | ||
| 942 |
_cLIB _dJUS _fJUS _2ddc _n |
||
| 999 |
_c8821 _d8821 |
||